An intorductory concept of applied Chemistry / (Record no. 39426)

MARC details
000 -LEADER
fixed length control field 00726nam a22002057a 4500
005 - DATE AND TIME OF LATEST TRANSACTION
control field 20100805124741.0
010 ## - LCCN (DPL NO)
LC control number ENG-98311
020 ## - INTERNATIONAL STANDARD BOOK NUMBER
International Standard Book Number 9789380060552
Terms of availability 175.00
035 ## - SYSTEM CONTROL NUMBER
System control number EN-81844
037 ## - SOURCE OF ACQUISITION
Source of stock number/acquisition DBAD/PUB
082 ## - DEWEY DECIMAL CLASSIFICATION NUMBER
Classification number 660
100 ## - MAIN ENTRY--PERSONAL NAME
Personal name Saravanan, S P
245 ## - TITLE STATEMENT
Title An intorductory concept of applied Chemistry /
Statement of responsibility, etc by S P Saravanan
260 ## - PUBLICATION, DISTRIBUTION, ETC. (IMPRINT)
Place of publication, distribution, etc Salem
Name of publisher, distributor, etc M S K Publications
Date of publication, distribution, etc 2009
270 ## - ADDRESS
Address 3/189-E, Athanoor Amman Kovil St., Masinayaganpatti-po Ayothiyappattunam
City Salem
Postal code 636103
300 ## - PHYSICAL DESCRIPTION
Extent 122p
Dimensions 20cm(pbk)
650 ## - SUBJECT ADDED ENTRY--TOPICAL TERM
Topical term or geographic name as entry element Applied chemistry
942 ## - ADDED ENTRY ELEMENTS (KOHA)
Source of classification or shelving scheme Dewey Decimal Classification
Item type English Books
Classification part 660
Call number suffix SAR
Holdings
Withdrawn status Lost status Not for loan Collection code Home library Current library Date acquired Source of acquisition Cost, normal purchase price Full call number Barcode Copy number Cost, replacement price Koha item type
    Not For Loan Non-fiction D.B.Act.Division D.B.Act.Division 05/08/2010 DBAD/PUB 175.00 660 SAR EN-81844 1 175.00 English Books

© Delhi Public Library
Hit Counter
free hit counter